000 00734nam a2200253 a 4500
001 BRL_86
005 20190320210600.0
008 871020s19uu####nyuo######---#000-0#eng-#
041 _aeng
044 _anyu
050 4 _aND25
_b.T37 2 1900
100 1 _aEstienne, Charles
_922867
245 1 0 _aVan Gogh
_bcritical study
_cBy Charles Estienne ; Translated by S. J. C. Harrison.
260 _aNew York
_bSkira
_c[19--]
300 _a127 p.
_bil.
_c19 cm.
440 0 _aThe taste of our time
_v2
_920301
500 _aAu719
500 _aIncluye índice de nombres
504 _aBibliografía: p. 117-119
600 1 4 _aGogh, Vincent van
_d1853-1890
_922868
700 1 _aHarrison, S. J. C.
_922869
902 _aGRL
942 _2lcc
_cB
999 _c8899
_d8899